000 00888nam a2200181 a 4500
001 000027939
005 20200930031222.0
008 110405s1978 dr a 000 0 spa d
020 _a8449900948
040 _aDO-SdBNP
_bspa
_cBNPHU
100 1 _aAlegría, Ricardo E.
_916236
245 1 0 _aApuntes en torno a la mitología de los IndiosTaínos de las Antillas Mayores y sus oríngenes suramericanos /
_cRicardo E. Alegría.
260 _aSanto Domingo :
_bEstudios Avanzados de Puerto Rico y El Caribe
_bMuseo del Hombre Dominicano,
_c1978.
300 _a178 p. :
_bil. ;
_c22 cm.
504 _aBibliografía : p. 161-178
505 2 _aFray Ramón Pané y la mitología antillana -- El estudio de la mitología del trópico sumarinno -- El origne de la humanidad -- Los orígenes de la mujer -- Los gemelos divinos -- La gran inundación -- Conclusiones -- Bibliografía.
049 _aBNPD
999 _c27431
_d27431